000
00298nam a22001337a 4500
008
171018b xxu||||| |||| 00| 0 eng d
020
_a
9780324062694
041
_a
eng
080
_2
2ND
_a
338
100
_a
53
101
_a
MEN
245
_a
CASES IN COST MANAGEMENT
_c
SHANK,J,K
942
_2
udc
_c
BK
999
_c
34690
_d
34690